| 000 | 00630nam a2200229Ia 4500 | ||
|---|---|---|---|
| 003 | OSt | ||
| 005 | 20230511140543.0 | ||
| 008 | 210423s2010 xx 000 0 und d | ||
| 020 | _a978-93-80472-10-2 | ||
| 040 | _cAL | ||
| 041 | _aeng | ||
| 082 | _a541.0421 VERT | ||
| 100 |
_aVERGEESE (James) _9103044 |
||
| 245 | _aTextbook of solid state chemistry | ||
| 260 |
_aNew Delhi _bPacific Books International _c2010 |
||
| 300 |
_av,251p _bHB |
||
| 365 |
_b795 _cINR |
||
| 650 |
_aChemistry _9103045 |
||
| 650 |
_aPhysical & Theoretical Chemistry _9103046 |
||
| 906 | _achemistry ; solid ; state ; Textbook | ||
| 942 |
_2ddc _cBK |
||
| 999 |
_c165995 _d165995 |
||